000 01515nam a2200349 a 4500
001 ebr10617863
003 CaPaEBR
006 m u
007 cr cn|||||||||
008 130105s2012 ne ad sb 000 0 eng d
020 _z9789460919923 (pbk.)
020 _z9789460919930 (hardback)
020 _z9789460919947 (e-book)
040 _aCaPaEBR
_cCaPaEBR
035 _a(OCoLC)818143274
050 1 4 _aLC1059
_b.P76 2012eb
245 0 0 _aProfessional learning in the knowledge society
_h[electronic resource] /
_cedited by Karen Jensen, Leif Chr. Lahn and Monika Nerland.
260 _aRotterdam :
_bSense Publishers,
_c2012.
300 _aviii, 228 p. :
_bill.
490 1 _aThe knowledge economy and education ;
_vv. 6
504 _aIncludes bibliographical references.
505 0 _apt. I. Knowledge cultures and professional learning -- pt. II. Artefacts and professional learning -- pt. III. Knowledge ties and modes of self conduct.
533 _aElectronic reproduction.
_bPalo Alto, Calif. :
_cebrary,
_d2013.
_nAvailable via World Wide Web.
_nAccess may be limited to ebrary affiliated libraries.
650 0 _aProfessional education.
655 7 _aElectronic books.
_2local
700 1 _aJensen, Karen.
700 1 _aLahn, Leif Chr.
700 1 _aNerland, Monika.
710 2 _aebrary, Inc.
830 0 _aKnowledge economy and education ;
_vv. 6.
856 4 0 _uhttp://site.ebrary.com/lib/rucke/Doc?id=10617863
_zAn electronic book accessible through the World Wide Web; click to view
999 _c75701
_d75701